Statistiken für Länder, die Weißrussland am nächsten liegen - Ein-Minuten-Sprint

Klicken Sie hier um das Quiz zu spielen!

Allgemein

  • Dieses Quiz wurde 78 mal gespielt
  • Das Durchschnittsergebnis liegt bei 16 aus 20

Antwortstatistiken

kmLand% Korrekt
0Litauen
98%
0Russland
98%
157Estland
97%
0Lettland
97%
0Polen
97%
0Ukraine
97%
571Deutschland
90%
470Finnland
89%
395Tschechien
81%
267Slowakei
79%
337Moldawien
78%
365Rumänien
76%
357Ungarn
75%
515Schweden
73%
740Slowenien
67%
544Dänemark
63%
568Österreich
57%
646Serbien
56%
715Kroatien
52%
801Bosnien und
Herzegowina
43%

Verteilung der Resultate

Perzentil nach korrekt beantworteten Fragen

Anzahl Personen mit jedem Resultat

Ihre Resultats-Entwicklung

Sie haben dieses Quiz noch nicht gespielt